Gyomorfekélyesek kezelésében szerzett tapasztalatok a Lupaverinnel
Elmentve itt :
| Szerző: | |
|---|---|
| Dokumentumtípus: | Cikk |
| Megjelent: |
1932
|
| Sorozat: | Kolligátum
|
| Kulcsszavak: | Gasztroenterológia - gyomorfekély kezelése |
| Online Access: | http://misc.bibl.u-szeged.hu/25652 |
| LEADER | 00593nab a2200169 i 4500 | ||
|---|---|---|---|
| 001 | misc25652 | ||
| 005 | 20191108150341.0 | ||
| 008 | 170914s1932 hu o 0|| zxx d | ||
| 040 | |a SZTE Miscellanea Repozitórium |b hun | ||
| 041 | |a zxx | ||
| 100 | 1 | |a Horváth Klára | |
| 245 | 1 | 0 | |a Gyomorfekélyesek kezelésében szerzett tapasztalatok a Lupaverinnel |h [elektronikus dokumentum] / |c Horváth Klára |
| 260 | |c 1932 | ||
| 300 | |a 1-2 | ||
| 490 | 0 | |a Kolligátum | |
| 695 | |a Gasztroenterológia - gyomorfekély kezelése | ||
| 856 | 4 | 0 | |u http://misc.bibl.u-szeged.hu/25652/1/017_020_001-002.pdf |z Dokumentum-elérés |